| 000 | 01207nam a2200313 4500 | ||
|---|---|---|---|
| 001 | 0000022154 | ||
| 003 | CO-CtgCURN | ||
| 005 | 20250429224108.0 | ||
| 007 | ta | ||
| 008 | 160627s2008 000 0 eng d | ||
| 020 | _a9788483223062 | ||
| 040 |
_aCO-CtgCURN _bspa _ccoctgcurn |
||
| 082 | 0 |
_a364.1 _bP974 |
|
| 100 | 1 | _aSoria Verde, Miguel Angel. | |
| 245 | 1 | 0 |
_aPsicología criminal / _cMiguel Angel Soria Verde, Dolores Saiz Roca. |
| 260 |
_aMadrid : _bPearson Pretice hall, _c2008. |
||
| 300 | _a491 p. | ||
| 336 | _2rdacontent | ||
| 337 |
_2rdamedia _asin mediacion _bn |
||
| 338 |
_2rdacarrier _avolumen _bnc |
||
| 500 | _aIncluye indice. | ||
| 504 | _aBibliografia (p. 465-491) | ||
| 505 | 8 | _aAproximacion historica al desarrollo de la psicología en el marco juridico español.--La psicología criminal desarrollo concetual y ambitos de aplicacion.--Lapsicología criminal en la practica pericial forense.--Psicología del testigo couceptos fundamentos y tecnicas | |
| 650 | 1 | 4 |
_aDerecho _vdisertaciones academicas. |
| 700 | 1 | _aSaiz Roca, Dolores. | |
| 908 | _a160627 | ||
| 942 |
_cBK _h364.1 _iP974 _2ddc |
||
| 999 |
_c38799 _d38799 |
||